Философ аглинской или Житие Клевеланда побочнаго сына Кромвелева, самим им писанное. Т.3 (Запись № 13474991)

Подробности
000 -МАРКЕР
контрольное поле 01383nam2a22001931 4500
001 - ИДЕНТИФИКАТОР ЗАПИСИ
контрольное поле RU\NLR\A1\22313
005 - ИДЕНТИФИКАТОР ВЕРСИИ
контрольное поле 20251203152403.2
035 ## - ДРУГИЕ СИСТЕМНЫЕ НОМЕРА
Идентификатор записи (NLR Aleph) 009676779
100 ## - ДАННЫЕ ОБЩЕЙ ОБРАБОТКИ
Данные общей обработки 19980824d1791 u y0rusy50 ca
101 1# - ЯЗЫК РЕСУРСА
Язык текста, звукозаписи и т.д. русский
Язык промежуточного перевода французский
Язык оригинала английский
200 0# - ЗАГЛАВИЕ И СВЕДЕНИЯ ОБ ОТВЕТСТВЕННОСТИ
Основное заглавие Т.3
215 ## - ФИЗИЧЕСКАЯ ХАРАКТЕРИСТИКА
Специфическое обозначение материала и объем 1-96, 99-242 [=240] с.
461 #1 - УРОВЕНЬ НАБОРА
Встроенное поле 001RU\NLR\A1\22310
-- 2000#$aФилософ аглинской или Житие Клевеланда побочнаго сына Кромвелева, самим им писанное$fИ с аглинскаго на французской, а с французскаго на российской язык переведенное$vТ.3
-- 700#1$6z01700$aПрево д'Экзиль$bА.Ф.$f1697-1763$gАнтуан Франсуа$4070
-- 700#1$6z01700$aPrévost l'Exiles$bA.F.$gAntoine François
Системный номер (АБИС) связанной записи 9685886
Автор Прево д'Экзиль, А.Ф. (1697-1763)
Место публикации СПб.
Дата публикации 1791
Первые сведения об ответственности И с аглинскаго на французской, а с французскаго на российской язык переведенное
Имя издателя, распространителя и т.д. Печатано иждивением Ивана Глазунова
Заглавие Философ аглинской или Житие Клевеланда побочнаго сына Кромвелева, самим им писанное
Номер тома Т.3
801 #0 - ИСТОЧНИК ЗАПИСИ
Страна Российская Федерация
Организация NLR
Дата составления 19980824
942 ## - ДОПОЛНИТЕЛЬНЫЕ ЭЛЕМЕНТЫ ЗАПИСИ (АБИС)
Тип экземпляра АБИС Книга
980 ## - КОЛЛЕКЦИЯ
Название коллекции Русская книга гражданской печати XVIII в. в библиотеках РФ
980 ## - КОЛЛЕКЦИЯ
Название коллекции Национальная библиография

Нет доступных экземпляров.